Teoretické prístupy k problému deľby právomoci medzi rôzne úrovne vlády pri centrálnych grantoch (skúsenosti z Japonska)

Salvato in:
Dettagli Bibliografici
Autore principale: Macková, Eva
Natura: Libro
Lingua:slovacco
Pubblicazione: Bratislava Výskumný ústav národohospodársky EU 2003
Serie:Diskusné materiály
Soggetti:
Tags: Aggiungi Tag
Nessun Tag, puoi essere il primo ad aggiungerne!!

MARC

LEADER 00000nam a2200000 4500
001 0024665
005 20250725082801.5
022 |a 1335-1346 
041 0 |a slo 
044 |a SK 
245 1 0 |a Teoretické prístupy k problému deľby právomoci medzi rôzne úrovne vlády pri centrálnych grantoch  |b (skúsenosti z Japonska)  |c Eva Macková 
264 1 |a Bratislava  |b Výskumný ústav národohospodársky EU  |c 2003 
300 |a 24 s. 
490 1 |a Diskusné materiály 
830 0 |a Diskusné materiály 
610 2 0 |a granty 
610 2 0 |a centralizmus 
610 2 0 |a správa verejná 
610 2 0 |a správa miestna 
610 2 0 |a samospráva miestna 
100 1 |a Macková, Eva